000 00223nam a2200097Ia 4500
005 20251222114411.0
008 251222s1900||||xx |||||||||||||| ||spa||
082 _aDVD0093/S42
245 0 _aSerie la verdad I y II.
942 _cDVD
999 _c2055
_d2055